Länder der Iberischen Halbinsel in der Geschichte auf einer Karte - Statistiken

Allgemein
  • Dieses Quiz wurde 343 mal gespielt
  • Das Durchschnittsergebnis liegt bei 10 aus 31
Antworten auf der Karte
Die Antworten werden auf der Karte rot bzw. grün angezeigt, abhängig davon wie oft sie richtig erraten wurden.
 
Antwortstatistiken
Jahr Jahre Country % Korrekt
Present 1910–present Portugal
98%
1400 1139–1910 Portugal
98%
Present 1978–present Spanien
98%
Present 1278–present Andorra
90%
1400 1278–present Andorra
90%
750 481–843 Frankreich
78%
Present 1958–present Frankreich
78%
Present 1967–present Gibraltar
70%
1400 1162–1716 Aragon
48%
418 409–585 Königreich {Gal-} Izien
43%
750 661–750 {Umayyaden} Kalifat
38%
1000 910–1230 Königreich {León}
29%
1400 1230–1492 Emirat {Granada}
25%
1000 931–1065 {Cas-}Tile
21%
1400 602–1453 Herzogtum {Gascony}
15%
1000 801–1162 Barcelona
14%
100 27 BC–395 Aquitania
8%
1400 1230–1715 Castile
8%
418 395–476 {West} {Römisches} Reich
8%
100 27 BC–395 Lusitania
7%
418 418–721 {West} Gothisches {Reich}
7%
100 120 BC–395 Gallia {Narbonensis}
6%
100 27 BC–395 Hispania {Baetica}
5%
100 27 BC–395 Hispania {Tarraconensis}
4%
1400 1498–1792 {Französisches} Königreich
3%
1000 929–1031 {Kaliphat von Cor-} Doba
2%
750 722–924 {Königreich Ast-} Urien
1%
1000 824–1841 {Königreich Nav-} Arra
1%
1400 824–1841 {Königreich Nav-} Arra
1%
1000 872–1598 Riba {-Gorza}
1%
1000 987–1498 {Französiches} Königreich
0%
Keine übereinstimmenden Quizze gefunden
Verteilung der Resultate
Anzahl Personen mit jedem Resultat
Perzentil nach korrekt beantworteten Fragen
Ihre Resultats-Entwicklung
Sie haben dieses Quiz noch nicht gespielt